000 00801nas a2200277 4500
001 BR9202194
003 BR-BrBNA
005 20231205092450.0
007 ta
008 230509b bl.|||p| |||| 00| 00por d
040 _aBR-BrBNA
_bpor
_cBiblioteca Nacional de Agricultura
041 _a(Pt)
072 _aF62
100 1 _aDan, E.L.
100 1 _aMello, V.D.C.
100 1 _aWetzel, C.T.
100 1 _aPopinigis, F.
100 1 _aZonta, E.P.
245 1 _aTransferencia de materia seca como metodo de avaliacao do vigor de sementes de soja
650 _aSOJA
650 _aSEMENTE
650 _aGERMINACAO
773 0 _tRevista Brasileira de Sementes (Brazil)
_xISSN 0101-3122
_g(1987), v. 9(3) p. 45-55
_wBR9202194
909 _a202311
_bLúcia
_c55
_dLúcia Elande
942 _2AGRIS
_n0
_cANA
999 _c131901
_d131901